1881 1068 1346 1740 1942 1684 1644 1742 1210 1687 1270 1388 1513 1156 1688 1568 1628 1957 1839 1642 1884 1684 1256 1501 1808 1919 1676 1130 1627 1787 1746 1882 1992 1346 1536 1612 1314 1947 1721 1036 1635 1606 1262 1500 1021 1202 1642 1140 1923 1464 1475 1878 1371 1359 1271 1620 1350 1217 1962 1501 1003 1750 1788 1278 1377 1169 1818 1642 1871 1281 1396 1048 1127 1359 1983 1071 1563 1631 1713 1060 1651 1943 1275 1658 1586 1288 1841 1729 1602 1056 1948 1570 1951 1861 1109 1754 1149 1229 1280 BCNSPRNW ULIB Ver.6.0+V

เปลี่ยนเป็นภาษาไทย

Change to English
 แสดงรายละเอียดบรรณานุกรม
  กลับหน้าหลัก

Brief Record : Get Marc (ISO 2709) : E-mail record : QR code < ปิดหน้าต่าง
LEADER : 00000nam 2200000uu 4500
001    13399126014
003     ULIB
008    180427s2559||||th 000 0 tha d
020    ^a9786160027378
050    ^aนว^bญ461อ
100  0  ^aญาณนภา.
245  1  ^aอัคนีพยัคฆ์ /^cญาณนภา.
250    ^aพิมพ์ครั้งที่ 1.
260    ^aกรุงเทพฯ :^bPrincess,^c2559.
300    ^a511 หน้า ;^c21 ซม.
490  1  ^aชุดจอมใจพยัคฆ์
830    0 ^aชุดจอมใจพยัคฆ์.
850    ^aมบ.
945    ^p300^l0^i003428
999    ^aประนอม เกษจรัล
รายการนี้ยังไม่มีแท็ก
คุณยังไม่ได้ล็อกอิน คุณสามารถมีกิจกรรมร่วมกับเว็บไซต์ได้ แต่ต้องล็อกอินก่อน ::
  ล็อกอิน

รายการสื่อสารสนเทศ

ลำดับที่ ประเภท เลขเรียก/บาร์โค้ด สถานที่ สถานะ
1. นวนิยาย
นวนิยาย
นว ญ461อ ฉ.1 
  Barcode: 003428
ห้องสมุดวิทยาเขตนครสวรรค์
►นวนิยาย:l:Fiction
บนชั้น

BibComment


ยังไม่เคยถูกคอมเมนท์

คอมเมนท์ทรัพยากรรายการนี้
  คอมเมนท์: อัคนีพยัคฆ์ ญ..


 Copyright 2026. Bcnsprnw @Library